000 00735nam a22002177a 4500
999 _c6680
_d6680
003 AR-CdUCM
008 190319b ||||| |||| 00| 0 spa d
040 _aMUNICIPALIDAD PROVINCIAL DEL CUSCO
_cBIBLIOTECA MUNICIPAL DEL CUSCO
082 _23ed.
_a082 /
_bSH47
100 _aShakespeare, Milliam
_918791
245 _aJulio Cesar, Antonio y Cleopatra /
260 _aLima :
_bUniverso,
_c1977.
300 _a216 páginas ;
_c17 cm.
440 _aColección autores clásicos
_n : 33
_918792
500 _aPrólogo de Tomás G. Escajadillo.
650 _aTeatro histórico - Romano
_918793
650 _aTeatro ingles - Dramaturgos ingleses
_918794
650 _aLiteratura clásica
_912093
942 _2ddc
_cLIBROS
945 _alccs